000 00589nam a2200217Ia 4500
001 16745
003 GE_BSU
008 181216s||||||||xx |||||||||||||| ||und||
040 _cGE_BSU
080 _a821.353.1-1
100 _aთევზაძე, ანდრო
245 _aერთტომეული
245 _bლექსები
245 _cრედ.ნ.ხომერიკი
260 _aთბილისი
260 _bმერანი
260 _c1975
300 _a342გვ. ; 21სმ
653 _aერთტომეული
942 _cBK
999 _c49810
_d49810